| 000 | 00000nam 2200000za 4500 |
| 001 | 9.641826 |
| 003 | CaOODSP |
| 005 | 20220512134727 |
| 007 | cr ||||||||||| |
| 008 | 150407|2002||||xxc|||||o f|0| 0 fre d |
| 020 | |a0-662-87356-4 |
| 040 | |aCaOODSP|bfre |
| 043 | |an-cn--- |
| 086 | 1 |aH113-16/2002-1F-IN |
| 110 | 1 |aCanada.|bSanté Canada. |bAgence de réglementation de la lutte antiparasitaire. |
| 245 | 10|aLes problèmes typiques d'une pelouse : |h[ressource électronique]|bfiche technique |
| 260 | |aOttawa - Ontario : |bSanté Canada. |c2002, c2001. |
| 300 | |a11p.|bphotographies |
| 590 | |a13-12-Supp|b2013-05-10 |
| 691 | 07|aOrganisme nuisible|2gcpds |
| 775 | 08|tCommon lawn problems : |w(CaOODSP)9.697824 |
| 794 | |tProblèmes typiques d'une pelouse : |w(CaOODSP)9.640419 |
| 856 | 40|ahttp://publications.gc.ca|qPDF|s180 Ko|uhttps://publications.gc.ca/collections/collection_2013/sc-hc/H113-16-2002-1-fra.pdf |